[Event "Nittenau-ch 2nd"]
[Site "Nittenau"]
[Date "2002.09.21"]
[Round "2"]
[White "Trautner, Armin"]
[Black "Schwarzfischer, Markus"]
[Result "0-1"]
[WhiteElo "1180"]
[BlackElo "1775"]
[PlyCount "72"]
[EventDate "2002.09.20"]
[EventType "swiss"]
[EventRounds "5"]
[EventCountry "GER"]
[SourceTitle "EXT 2008"]
[Source "ChessBase"]
[SourceDate "2007.11.25"]
[SourceVersion "1"]
[SourceVersionDate "2007.11.25"]
[SourceQuality "1"]

1. e4 e5 2. Nf3 Nc6 3. Bb5 d6 4. d3 Be6 5. 0-0 h6 6. c4 Nge7 7. Nc3 Bd7 8. a3 Nd4 9. Bxd7+ Qxd7 10. Bd2 Qd8 11. Nxd4 exd4 12. Nb5 Nc6 13. Qe2 a6 14. Nxd6+ Bxd6 15. f4 Qd7 16. Qf3 0-0-0 17. Rac1 Be7 18. Qg3 f6 19. Qxg7 Rdg8 20. Qf7 Qg4 21. g3 Rg7 22. Qd5 Qe2 23. Rf2 Qxd3 24. Qf5+ Kb8 25. Kg2 h5 26. Rh1 h4 27. g4 h3+ 28. Kg1 Rhg8 29. g5 fxg5 30. fxg5 Rxg5+ 31. Bxg5 Rxg5+ 32. Qxg5 Bxg5 33. Rf8+ Ka7 34. Kf2 Qe3+ 35. Kf1 Bh4 36. Rf2 Qxf2# 0-1

[Event "Nittenau-ch 2nd"]
[Site "Nittenau"]
[Date "2002.09.20"]
[Round "1"]
[White "Rat, Dan Ovidiu"]
[Black "Schwarzfischer, Markus"]
[Result "0-1"]
[WhiteElo "2345"]
[BlackElo "1775"]
[PlyCount "102"]
[EventDate "2002.09.20"]
[EventType "swiss"]
[EventRounds "5"]
[EventCountry "GER"]
[SourceTitle "EXT 2008"]
[Source "ChessBase"]
[SourceDate "2007.11.25"]
[SourceVersion "1"]
[SourceVersionDate "2007.11.25"]
[SourceQuality "1"]

1. d4 g6 2. c4 Bg7 3. Nc3 d6 4. Nf3 a6 5. e3 Nf6 6. b3 0-0 7. Bb2 c6 8. Be2 b5 9. 0-0 Nbd7 10. Rc1 Re8 11. Nd2 Rb8 12. Ba1 Qa5 13. Qc2 Bb7 14. Rfd1 Rec8 15. Bf3 b4 16. Ne2 c5 17. Bxb7 Rxb7 18. d5 Qc7 19. f4 a5 20. h3 Ra7 21. Rb1 a4 22. Nc1 Rca8 23. Bb2 Ra6 24. Rf1 Qd8 25. g4 Qf8 26. g5 Nh5 27. Kg2 axb3 28. axb3 Bxb2 29. Rxb2 Ng7 30. e4 Nh5 31. Nd3 Qg7 32. Nf3 Ra3 33. e5 Qf8 34. e6 fxe6 35. dxe6 Nb6 36. Nh4 Qg7 37. f5 Rf8 38. fxg6 Rxf1 39. Kxf1 hxg6 40. Nf2 Nf4 41. Ng4 Ra1+ 42. Rb1 Qc3 43. Qxc3 Rxb1+ 44. Qe1 Rxe1+ 45. Kxe1 Kg7 46. Nf2 Nxe6 47. Nf3 Nd7 48. Nd3 Nb8 49. Ke2 Nc6 50. Kd2 Ncd4 51. Nxd4 Nxd4 0-1